Theory and practice in the organic laboratory : with microscale and standard scale experiments /
שמור ב:
| מחבר ראשי: | |
|---|---|
| פורמט: | Sách giấy |
| יצא לאור: |
Belmont, CA :
Thomson/Wadsworth,
c2005.
|
| מהדורה: | 5th ed. |
| סדרה: | Brooks/Cole laboratory series for organic chemistry
|
| נושאים: | |
| גישה מקוונת: | Table of contents only Contributor biographical information Publisher description |
| תגים: |
הוספת תג
אין תגיות, היה/י הראשונ/ה לתייג את הרשומה!
|
| Thư viện lưu trữ: | Thư viện Trường Đại học Đà Lạt |
|---|
| LEADER | 01371nam a2200385 4500 | ||
|---|---|---|---|
| 001 | DLU110124444 | ||
| 005 | ##20110906 | ||
| 008 | ##030916s2005 caua b 001 0 eng | ||
| 010 | # | # | |a 2003112951 |
| 020 | # | # | |a 053449627X |
| 035 | # | # | |a (DLC) 2003112951 |
| 040 | # | # | |a DLC |c DLC |d DLC |
| 082 | # | # | |a 547.002 8 |b LA-J |
| 100 | # | # | |a Landgrebe, John A. |
| 245 | # | # | |a Theory and practice in the organic laboratory : |b with microscale and standard scale experiments / |c John A. Landgrebe. |
| 250 | # | # | |a 5th ed. |
| 260 | # | # | |a Belmont, CA : |b Thomson/Wadsworth, |c c2005. |
| 300 | # | # | |a xxii, 538 p. : |b ill. ; |c 26 cm. |
| 440 | # | # | |a Brooks/Cole laboratory series for organic chemistry |
| 504 | # | # | |a Includes bibliographical references and index. |
| 650 | # | # | |a Chemistry, Organic |v Laboratory manuals. |
| 856 | # | # | |3 Table of contents only |u http://www.loc.gov/catdir/enhancements/fy1103/2003112951-t.html |
| 856 | # | # | |3 Contributor biographical information |u http://www.loc.gov/catdir/enhancements/fy1103/2003112951-b.html |
| 856 | # | # | |3 Publisher description |u http://www.loc.gov/catdir/enhancements/fy1103/2003112951-d.html |
| 923 | # | # | |a 10/2011 |
| 991 | # | # | |a GT |
| 992 | # | # | |a 4139570 |
| 994 | # | # | |a DLU |
| 900 | # | # | |a True |
| 911 | # | # | |a Đào Thị Thu Huyền |
| 925 | # | # | |a G |
| 926 | # | # | |a A |
| 927 | # | # | |a SH |
| 980 | # | # | |a Thư viện Trường Đại học Đà Lạt |


